Bibliograficko-dokumentačné záznamy z metrológie a prírastky knižničných fondov ČSMÚ - OBIS VTEI pre metrológiu

Podrobná bibliografia
Médium: Seriál
Jazyk:slovenčina
PhysicalDescription:zv.
Vydavateľské údaje: Bratislava Československý metrologický ústav [1989]
Predmet:

MARC

LEADER 00000cas a2200000 a 4500
001 vtls001268515
003 SK-MaSNL
005 20260228163738.0
008 961202d19891989xo ar b 0 0b0slo
035 |a SNK000219523 
040 |a SNK  |b slo  |c SNK  |e AACR2 
041 0 |a slo 
044 |a xo  |c SK 
072 7 |a 01  |x Bibliografia. Katalógy  |2 konspekt 
080 |a 006.91  |2 2011 
080 |a 016  |2 2011 
080 |a 050  |2 2011 
080 |a 531.7  |2 2011 
080 |a (01)  |2 2011 
245 0 0 |a Bibliograficko-dokumentačné záznamy z metrológie a prírastky knižničných fondov  |b ČSMÚ - OBIS VTEI pre metrológiu 
260 |a Bratislava  |b Československý metrologický ústav  |c [1989] 
300 |a zv. 
362 0 |a [1989] 
650 0 7 |a metrológia  |2 SNKPH  |9 940 
655 7 |a bibliografie  |2 SNKPH  |9 28668 
910 |a snk 
999 |c 10713  |d 12643 
952 |0 0  |1 0  |4 0  |7 0  |a SNK  |b SNK  |d 1996-12-02  |l 0  |o snkČSB 3554/1989 D1  |p 17A0025249  |r 2005-01-01 00:00:00  |t č. 1-3  |w 2026-02-21  |y PREZ